000
00304nam a22001097a 4500
100
_a
Khan, Mohsin Muhammad
_a
13ME20
245
_a
Performance Analysis of Darrieus Wind Turbine
260
_a
Nawabshah:
_b
QUEST,
_c
2016.
300
_a
58p. ;
700
_a
Department of Mechanical Engineering
942
_c
THESIS
999
_c
57550
_d
57547